UM Logo

The Hot list: (Record no. 14842)

MARC details
000 -LEADER
fixed length control field 00558nam a22001577a 4500
003 - CONTROL NUMBER IDENTIFIER
control field OSt
005 - DATE AND TIME OF LATEST TRANSACTION
control field 20200113154313.0
008 - FIXED-LENGTH DATA ELEMENTS--GENERAL INFORMATION
fixed length control field 200113b ||||| |||| 00| 0 eng d
040 ## - CATALOGING SOURCE
Transcribing agency 2
082 ## - DEWEY DECIMAL CLASSIFICATION NUMBER
Classification number DPer 641.05 F73 Dec 2012-Nov 2013 v. 9-10, n. 6-5
245 ## - TITLE STATEMENT
Title The Hot list:
Remainder of title The 12 best foodservice news that defined 2012.
260 ## - PUBLICATION, DISTRIBUTION, ETC. (IMPRINT)
Place of publication, distribution, etc. Makati City, Philippines:
Name of publisher, distributor, etc. Hinge Inquirer Publications, Inc.,
Date of publication, distribution, etc. ©2012-2013.
300 ## - PHYSICAL DESCRIPTION
Extent v9 n6, pages 20-22:
Other physical details illustrations;
Dimensions 28 cm.
500 ## - GENERAL NOTE
General note Food and beverages: make a living with food.
942 ## - ADDED ENTRY ELEMENTS (KOHA)
Source of classification or shelving scheme Dewey Decimal Classification
Koha item type Periodicals
Holdings
Withdrawn status Lost status Source of classification or shelving scheme Damaged status Not for loan Collection code Home library Current library Date acquired Total Checkouts Full call number Date last seen Price effective from Koha item type Public note
    Dewey Decimal Classification     Periodicals UM Digos College - LIC UM Digos College - LIC 01/13/2020   DPer 641.05 F73 Dec 2012-Nov 2013 v. 9-10, n. 6-5 01/13/2020 01/13/2020 Periodicals Periodical article